Nematode vectors of plant viruses
محفوظ في:
| المؤلف الرئيسي: | |
|---|---|
| مؤلفون آخرون: | , |
| التنسيق: | كتاب |
| اللغة: | الإنجليزية |
| منشور في: |
London, England, United Kingdom
Plenum
1975
|
| سلاسل: | NATO Advanced Study Institutes Series, A. Life Sciences.
2 |
| الموضوعات: | |
| الوسوم: |
إضافة وسم
لا توجد وسوم, كن أول من يضع وسما على هذه التسجيلة!
|
MARC
| LEADER | 00000nam a2200000 a 4500 | ||
|---|---|---|---|
| 001 | UCT5539 | ||
| 003 | CL-VaPUC | ||
| 005 | 20250228100417.0 | ||
| 008 | 961212e19750000UK |||||||||||||||||eng|d | ||
| 999 | |c 254449 |d 254447 | ||
| 040 | |c Pontificia Universidad Católica de Valparaíso | ||
| 082 | 0 | 4 | |a 632.6 LAM 1975 |2 21 |
| 100 | |a Lamberti, F |9 401805 | ||
| 245 | 1 | 0 | |a Nematode vectors of plant viruses |
| 260 | 0 | 3 | |a London, England, United Kingdom |b Plenum |c 1975 |
| 300 | |a 460 páginas | ||
| 490 | 0 | |a NATO Advanced Study Institutes Series, A. Life Sciences. |v 2 | |
| 583 | |a last modification |c 19961212 00:00:00 |k Rodrigo Vera | ||
| 650 | 0 | |a Animales |9 269820 | |
| 650 | 0 | |a Plantas |9 264555 | |
| 650 | 0 | |a Virus |9 316452 | |
| 650 | 0 | |a Taxonomia |9 341054 | |
| 650 | 0 | |a Enfermedades de las plantas |9 259687 | |
| 650 | 0 | |a Virus vegetales |9 358382 | |
| 650 | 0 | |a Patología vegetal |9 325426 | |
| 700 | 0 | |a Taylor, C. E |9 375075 | |
| 700 | 0 | |a Seinhorst, J. W |9 375076 | |
| 942 | |c BK |2 ddc | ||
| 945 | |d 19961212 00:00:00 |a paguirre | ||